State sponsored terrorism (Record no. 159935)

MARC details
000 -LEADER
fixed length control field 00357nam a2200145Ia 4500
008 - FIXED-LENGTH DATA ELEMENTS--GENERAL INFORMATION
fixed length control field 230917s9999||||xx |||||||||||||| ||und||
040 ## - CATALOGING SOURCE
-- 196692
Original cataloging agency VIVEKANANDA LIBRARY
041 ## - Language
-- English
082 ## - DDC NUMBER
Classification number 363.325 S64S
100 ## - MAIN ENTRY--PERSONAL NAME
Personal name Sinha, B N
245 #0 - TITLE STATEMENT
Title State sponsored terrorism
260 ## - PUBLICATION, DISTRIBUTION, ETC. (IMPRINT)
Place of publication, distribution, etc New Delhi
Name of publisher, distributor, etc Sumit Enterprises
Date of publication, distribution, etc 2010
300 ## - PHYSICAL DESCRIPTION
Pages v, 244 p.
942 ## - ADDED ENTRY ELEMENTS (KOHA)
Koha item type Books
Holdings
Withdrawn status Lost status Damaged status Not for loan Location (home branch) Sublocation or collection (holding branch) Date acquired Koha issues (times borrowed) Koha full call number Accession No. Koha date last seen Koha item type
        VIVEKANANDA LIBRARY VIVEKANANDA LIBRARY 23/02/2012   363.325 S64S 293248 17/09/2023 Books
© Designed and Maintained by Vivekananda Library, MDU Rohtak